| 000 -ლიდერი |
| ფიქსირებული სიგრძის საკონტროლო ველი |
00960nam a22001937a 4500 |
| 003 - საკონტროლო ნომრის იდენტიფიკატორი |
| საკონტროლო ველი |
Ge_BSU |
| 005 - ბოლო ოპერაციის თარიღი და დრო |
| საკონტროლო ველი |
20250226123643.0 |
| 008 - ფიქსირებული სიგრძის მონაცემთა ელემენტები - ზოგადი ინფორმაცია |
| ფიქსირებული სიგრძის საკონტროლო ველი |
250226s1965 ge ||||| |||| 00| 0 geo d |
| 041 ## - ენის კოდი |
| Language code of text/sound track or separate title |
geo |
| 080 ## - უნივერსალური ათობითი კლასიფიკაციის ინდექსი |
| Universal Decimal Classification number |
615.83(075.32) ფ-30 |
| 100 ## - მთავარი ჩანაწერი - პიროვნების სახელი |
| Personal name |
ფარჯანაძე, შ. |
| 9 (RLIN) |
11562 |
| 245 ## - ცნობა სათაურის შესახებ |
| Title |
ფიზიოთერაპიის და საექიმო ფიზკულტურის სახელმძღვანელო : |
| Remainder of title |
[საშ. სამედ. სასწავლებლებისათვის] / |
| Statement of responsibility, etc |
შ. ფარჯანაძე, რ. სვანიშვილი. |
| 264 ## - წარმოების, გამოცემის, დისტრიბუციის და სხვა ცნობები |
| გამოცემის, წარმოების, დისტრიბუციის... ადგილი |
თბილისი : |
| გამოცემის, წარმოების, დისტრიბუციის... სახელწოდება |
განათლება, |
| გამოცემის, წარმოების, დისტრიბუციის... თარიღი |
1965. |
| 300 ## - ფიზიკური აღწერა |
| Extent |
284 გვ. : |
| Other physical details |
ილ. ; |
| Dimensions |
26 სმ. |
| 653 ## - INDEX TERM--UNCONTROLLED |
| Uncontrolled term |
ფიზიოთერაპია |
| 653 ## - INDEX TERM--UNCONTROLLED |
| Uncontrolled term |
საექიმო ფიზკულტურა |
| 700 ## - ADDED ENTRY--PERSONAL NAME |
| Personal name |
სვანიშვილი, რ. |
| Relator term |
ავტორი |
| 9 (RLIN) |
11563 |
| 942 ## - ADDED ENTRY ELEMENTS (KOHA) |
| Source of classification or shelving scheme |
|
| Koha item type |
წიგნი |